000
00283nam a2200121 a 4500
008
100917s1969|||| d
245
1
0
_a
Parížski mohykáni II
100
1
_a
Dumas, Alexander
260
_b
Smena
_a
Bratislava
_c
1969
020
_c
22
044
_a
xo
_c
SK
041
_a
slo
999
_c
10478
_d
10478